00466nam a22001457a 4500008004100000020001800041082002400059100002700083245008200110260005800192300001000250504002700260650001700287650001600304250407b |||||||| |||| 00| 0 eng d a9789937961851 223rd.a333.7bR137e1 aRajbhandari, Raj Kumar aEnvironment and development :btheory and practical /cRaj Kumar Rajbhandari. aKathmandu :bR.R. Publisher and Distributor,c2081BS. a438p. aIncludes bibliography. aEnvironment  aDevelopment